00565 2200217 4500001002100000005001500021035002000036007000300056008004100059020002200100082001000122084001600132100001600148245005200164260003200216300003500248650001600283600001500299600001300314990002000327INLIS00000000000294220260506091938 a0010-0526000033ta260506 e 0 ind  a978-602-5792-40-3 a146.3 a146.3 MAL m0 aMalaka, Tan1 aMadilog :bMaterialisme, Dialekrika, dan Logika aYogyakarta :bNarasi,c2025 aiv + 560 hlm. ;c14.5 x 21 cm. 4aIlmu Sosial 4aTan Malaka 4aFilsafat a20260507.06.001